Multimedia Communication (Record no. 4007)

MARC details
000 -LEADER
fixed length control field 00403nam a22001697a 4500
005 - DATE AND TIME OF LATEST TRANSACTION
control field 20160625121603.0
008 - FIXED-LENGTH DATA ELEMENTS--GENERAL INFORMATION
fixed length control field 160625b xxu||||| |||| 00| 0 eng d
020 ## - INTERNATIONAL STANDARD BOOK NUMBER
ISBN 81-7867-034-8
041 ## - LANGUAGE CODE
Language code of text/sound track or separate title eng
082 ## - DEWEY DECIMAL CLASSIFICATION NUMBER
Item number 10187
100 ## - MAIN ENTRY--AUTHOR NAME
Personal name Gibson, Jerry D
245 ## - TITLE STATEMENT
Title Multimedia Communication
260 ## - PUBLICATION, DISTRIBUTION, ETC. (IMPRINT)
Name of publisher Academic Press
Year of publication 2001
300 ## - PHYSICAL DESCRIPTION
Number of Pages 308
650 ## - SUBJECT ADDED ENTRY--TOPICAL TERM
Topical Term Mass Communication
942 ## - ADDED ENTRY ELEMENTS (KOHA)
Koha item type Books
Holdings
Lost status Damaged status Home library Current library Shelving location Date acquired Cost, normal purchase price Full call number Accession Number Koha item type
    JRU Library   SHELF-31-H 25/06/2016 295.00 10187 10187 Books
    JRU Library   SHELF-31-H 25/06/2016 295.00 10187 10188 Books
    JRU Library   SHELF-31-H 25/06/2016 295.00 10187 10189 Books
    JRU Library   SHELF-31-G 25/06/2016 295.00 10187 10190 Books